[Event "4NCL/Div1/GUI1 vs. BGR1"]
[Site "Birmingham ENG"]
[Date "2001.09.23"]
[Round "2.3"]
[White "Plaskett, James"]
[Black "Gallagher, Joseph G"]
[Result "1-0"]
[WhiteElo "2482"]
[BlackElo "2516"]
[PlyCount "81"]
[EventDate "2001.09.23"]
[SourceDate "2001.01.01"]

1. e4 c5 2. Nc3 Nc6 3. Nf3 g6 4. d4 cxd4 5. Nxd4 Bg7 6. Be3 Nf6 7. Bc4 O-O 8.
Bb3 d6 9. f3 Bd7 10. Qd2 Rc8 11. h4 h5 12. O-O-O Ne5 13. Bg5 Rc5 14. Kb1 b5 15.
Rhe1 a5 16. f4 Nc4 17. Bxc4 bxc4 18. e5 Qb6 19. Bxf6 exf6 20. e6 Rb8 21. Qc1
fxe6 22. Nxe6 Bxe6 23. Rxe6 Qb7 24. Rexd6 Qxg2 25. Qe3 Rc7 26. Nb5 Rcb7 27. a4
Qg4 28. Rg1 Qf5 29. Qd4 Kh7 30. Qxc4 Re7 31. Rd4 Rc8 32. Qb3 Re2 33. Nc3 Rf2
34. Re1 Rxf4 35. Rd5 Qh3 36. Rxa5 Qxh4 37. Re7 Rxc3 38. Qxc3 Rc4 39. Qd2 Rxa4
40. Rxg7+ Kxg7 41. Qd7+ 1-0

[Event "4NCL/Div1/GUI1 vs. BGR1"]
[Site "Birmingham ENG"]
[Date "2001.09.23"]
[Round "2.4"]
[White "Chandler, Murray G"]
[Black "Rowson, Jonathan"]
[Result "1/2-1/2"]
[WhiteElo "2540"]
[BlackElo "2514"]
[PlyCount "82"]
[EventDate "2001.09.23"]
[SourceDate "2001.01.01"]

1. e4 c5 2. Nc3 Nc6 3. Nf3 g6 4. d4 cxd4 5. Nxd4 Bg7 6. Be3 Nf6 7. Bc4 Qa5 8.
O-O O-O 9. Nb3 Qc7 10. Bg5 e6 11. Be2 a6 12. Qd2 b5 13. a3 Rb8 14. Rfd1 b4 15.
axb4 Nxb4 16. Na5 d5 17. exd5 Nfxd5 18. Nxd5 Nxd5 19. c3 h6 20. Bxh6 Bxh6 21.
Qxh6 Rxb2 22. Bf3 Qxc3 23. h4 Qc2 24. Kh1 Qxf2 25. Nc6 Re8 26. Rac1 Bb7 27. Ne5
Qe3 28. Nxf7 Qxh6 29. Nxh6+ Kg7 30. Ng4 Re7 31. Rb1 Rxb1 32. Rxb1 Bc6 33. Rc1
Bb5 34. Kh2 Nf4 35. Rc8 e5 36. g3 Ne6 37. Bd5 Bd7 38. Rb8 Nf8 39. Rb7 a5 40.
Ra7 a4 41. Bc6 a3 1/2-1/2

[Event "4NCL/Div1/GUI1 vs. BGR1"]
[Site "Birmingham ENG"]
[Date "2001.09.23"]
[Round "2.5"]
[White "King, Daniel J"]
[Black "Hebden, Mark L"]
[Result "1/2-1/2"]
[WhiteElo "2525"]
[BlackElo "2550"]
[PlyCount "41"]
[EventDate "2001.09.23"]
[SourceDate "2001.01.01"]

1. e4 e5 2. Nf3 Nc6 3. Bb5 a6 4. Ba4 Nf6 5. O-O Be7 6. Re1 b5 7. Bb3 O-O 8. d4
d6 9. c3 Bg4 10. d5 Na5 11. Bc2 Qc8 12. h3 Bd7 13. Nbd2 c6 14. dxc6 Qxc6 15.
Nf1 Nc4 16. Ng3 Rfe8 17. a4 h6 18. b3 Na5 19. Bd2 Qc7 20. axb5 axb5 21. Qe2
1/2-1/2

[Event "4NCL/Div1/GUI1 vs. BGR1"]
[Site "Birmingham ENG"]
[Date "2001.09.23"]
[Round "2.6"]
[White "McShane, Luke J"]
[Black "Gormally, Daniel W"]
[Result "1-0"]
[WhiteElo "2511"]
[BlackElo "2481"]
[PlyCount "71"]
[EventDate "2001.09.23"]
[SourceDate "2001.01.01"]

1. e4 c5 2. Nf3 d6 3. Bc4 Nc6 4. d3 Nf6 5. O-O g6 6. Nc3 Bg7 7. a4 O-O 8. h3 h6
9. Be3 e5 10. Nd2 Nh5 11. Nd5 Ne7 12. c3 Be6 13. Nxe7+ Qxe7 14. b4 cxb4 15.
cxb4 Rfd8 16. Qb3 Nf6 17. Bxe6 fxe6 18. Rac1 Kh7 19. f4 exf4 20. Rxf4 e5 21.
Rf3 d5 22. exd5 Nxd5 23. Ne4 b6 24. Bd2 Rd7 25. Rcf1 Rf8 26. Qc4 Rxf3 27. Rxf3
Nf4 28. Bxf4 {(=)} Rd4 29. Bg5 hxg5 30. Qc1 Bh6 31. Qc8 Kg7 32. Nf6 Rd8 33. Qc3
Kh8 34. Ne4 Bg7 35. Qc6 Kh7 36. Rf7 1-0

[Event "4NCL/Div1/GUI1 vs. BGR1"]
[Site "Birmingham ENG"]
[Date "2001.09.23"]
[Round "2.7"]
[White "Baker, Chris W"]
[Black "Summerscale, Aaron"]
[Result "0-1"]
[WhiteElo "2370"]
[BlackElo "2510"]
[PlyCount "110"]
[EventDate "2001.09.23"]
[SourceDate "2001.01.01"]

1. e4 e6 2. Nf3 d5 3. Nc3 Nf6 4. e5 Nfd7 5. d4 c5 6. dxc5 Nc6 7. Bf4 Bxc5 8.
Bd3 f6 9. exf6 Nxf6 10. O-O O-O 11. Ne5 Bd7 12. Qe2 Qe7 13. Rae1 Rae8 14. a3 a6
15. Nxc6 Bxc6 16. Be5 g6 17. b4 Bd6 18. f4 Nd7 19. Bxd6 Qxd6 20. Qg4 e5 21.
fxe5 Rxf1+ 22. Rxf1 Nxe5 23. Qd4 Nxd3 24. cxd3 Qe6 25. a4 {(=)} Qe3+ 26. Qxe3
Rxe3 27. b5 axb5 28. axb5 Bd7 29. Nxd5 Rxd3 30. Nf6+ Kg7 31. Nxd7 Rxd7 32. Rc1
Kf6 33. Rc5 Ke6 34. Kf2 Kd6 35. Rg5 Rc7 36. Ke3 Rc5 37. Kf4 Rxg5 38. Kxg5 Kc5
39. h4 Kxb5 40. Kh6 Kc5 41. Kxh7 b5 42. Kxg6 b4 43. h5 b3 44. h6 b2 45. h7
b1=Q+ 46. Kg7 Qb7+ 47. Kg8 Qc8+ 48. Kg7 Qd7+ 49. Kg8 Qd8+ 50. Kg7 Qg5+ 51. Kh8
Qf6+ 52. Kg8 Qg6+ 53. Kh8 Kd6 54. g4 Ke7 55. g5 Qe8+ 0-1

[Event "4NCL/Div1/GUI1 vs. BGR1"]
[Site "Birmingham ENG"]
[Date "2001.09.23"]
[Round "2.8"]
[White "Sheldon, Ruth"]
[Black "Yurenok, Maria S"]
[Result "1-0"]
[WhiteElo "2301"]
[BlackElo "2088"]
[PlyCount "67"]
[EventDate "2001.09.23"]
[SourceDate "2001.01.01"]

1. d4 d5 2. c4 c6 3. Nf3 Nf6 4. Nc3 dxc4 5. a4 Bf5 6. Ne5 Nbd7 7. Nxc4 Qc7 8.
g3 e5 9. Bg2 exd4 10. Bf4 Qd8 11. Qxd4 Bc5 12. Nd6+ Kf8 13. Qd2 Bxd6 14. Bxd6+
Kg8 15. a5 a6 16. O-O h6 17. Rfd1 Kh7 18. Qf4 Be6 19. Rd2 Qc8 20. Qb4 Ne8 21.
Bf4 Nc7 22. Rad1 Nb5 23. Be4+ g6 24. Qe7 Re8 25. Qh4 Rh8 26. Qxh6+ Kg8 27. Qg5
Qe8 28. Nxb5 axb5 29. Bc7 Rh5 30. Qf4 Kg7 31. Rd6 Nf6 32. Bf3 Rh8 33. Qd4 Bd5
34. Qxf6+ 1-0

[Event "4NCL/Div1/BGR2 vs. MMO"]
[Site "Birmingham ENG"]
[Date "2001.09.23"]
[Round "2.1"]
[White "Hennigan, Michael T"]
[Black "Pert, Nicholas"]
[Result "0-1"]
[WhiteElo "2451"]
[BlackElo "2475"]
[PlyCount "78"]
[EventDate "2001.09.23"]
[SourceDate "2001.01.01"]

1. g3 d5 2. Bg2 Nf6 3. d3 c6 4. Nd2 e5 5. e4 Bc5 6. Ngf3 O-O 7. O-O Re8 8. c3
dxe4 9. dxe4 a5 10. a4 b6 11. Nc4 Qxd1 12. Rxd1 Ng4 13. Rd2 Nd7 14. h3 Ngf6 15.
Nd6 Rd8 16. Nxc8 Nxe4 17. Re2 f5 18. Nxb6 Nxg3 19. Re1 Bxb6 20. Be3 Bxe3 21.
Rxe3 Ne4 22. Nh4 g6 23. Bxe4 fxe4 24. Rxe4 Kf7 25. Nf3 Kf6 26. Rd1 Nc5 27. Rxd8
Rxd8 28. Rc4 Rd5 29. Kf1 Ke7 30. Ke2 Kd6 31. Nd2 Kc7 32. Nf3 Nd7 33. Ng5 h6 34.
Ne4 Nb6 35. Rc5 Nxa4 36. Rxd5 cxd5 37. Nf6 Kd6 38. b3 Nxc3+ 39. Kd3 Ne4 0-1

[Event "4NCL/Div1/BGR2 vs. MMO"]
[Site "Birmingham ENG"]
[Date "2001.09.23"]
[Round "2.2"]
[White "Ledger, Andrew J"]
[Black "McDonald, Neil R"]
[Result "1/2-1/2"]
[WhiteElo "2418"]
[BlackElo "2406"]
[PlyCount "57"]
[EventDate "2001.09.23"]
[SourceDate "2001.01.01"]

1. e4 e6 2. d4 d5 3. Nd2 dxe4 4. Nxe4 Bd7 5. Nf3 Bc6 6. Bd3 Nd7 7. O-O Ngf6 8.
Ned2 Nd5 9. c4 Nf4 10. Bc2 Be7 11. Nb3 Ng6 12. Na5 Bxf3 13. Qxf3 c6 14. Nxb7
Qc7 15. Nc5 Nxc5 16. dxc5 Bxc5 17. Qh5 Qb6 18. Bxg6 fxg6 19. Qe5 O-O 20. Be3
Bxe3 21. fxe3 c5 22. Rxf8+ Rxf8 23. Rd1 h6 24. h3 Rf5 25. Qd6 Qxb2 26. Qxe6+
Kh7 27. Rd8 h5 28. Qe8 Kh6 29. Qe7 1/2-1/2

[Event "4NCL/Div1/BGR2 vs. MMO"]
[Site "Birmingham ENG"]
[Date "2001.09.23"]
[Round "2.3"]
[White "Cooper, Lawrence"]
[Black "Hunt, Adam C"]
[Result "1/2-1/2"]
[WhiteElo "2352"]
[BlackElo "2408"]
[PlyCount "46"]
[EventDate "2001.09.23"]
[SourceDate "2001.01.01"]

1. e4 c5 2. Nf3 d6 3. d4 cxd4 4. Nxd4 Nf6 5. Nc3 a6 6. Bc4 e6 7. a4 Be7 8. O-O
O-O 9. Ba2 b6 10. f4 Bb7 11. Qe2 Nc6 12. Be3 Nb4 13. Bxe6 fxe6 14. Nxe6 Qd7 15.
Nxf8 Rxf8 16. Bd4 Qc6 17. Rae1 d5 18. exd5 Nfxd5 19. Nxd5 Nxd5 20. Qe6+ Rf7 21.
Qxc6 Bxc6 22. c4 Nxf4 23. Rxe7 Nh3+ 1/2-1/2

[Event "4NCL/Div1/BGR2 vs. MMO"]
[Site "Birmingham ENG"]
[Date "2001.09.23"]
[Round "2.4"]
[White "Eames, Robert G"]
[Black "Mortazavi, Ali"]
[Result "0-1"]
[WhiteElo "2333"]
[BlackElo "2361"]
[PlyCount "112"]
[EventDate "2001.09.23"]
[SourceDate "2001.01.01"]

1. e4 c5 2. Nf3 e6 3. d4 cxd4 4. Nxd4 a6 5. Bd3 Qc7 6. O-O Nf6 7. Qe2 d6 8. c4
g6 9. Nc3 Bg7 10. Be3 O-O 11. Rac1 b6 12. f4 Bb7 13. h3 Nbd7 14. b4 Rac8 15. g4
Qb8 16. g5 Nh5 17. Qf2 e5 18. Nde2 exf4 19. Nxf4 Nxf4 20. Bxf4 b5 21. c5 Be5
22. Nd5 Bxd5 23. exd5 dxc5 24. bxc5 Nxc5 25. Be2 Bxf4 26. Qxf4 Qxf4 27. Rxf4
Nd3 28. Rxc8 Nxf4 29. Rc2 Nxh3+ 30. Kh2 Nxg5 31. Bf1 Rd8 32. Bg2 f5 33. Rc6 Ne4
34. Bxe4 fxe4 35. d6 e3 36. Kg2 Kf7 37. Rxa6 Ke6 38. d7+ Kxd7 39. Kf3 Re8 40.
Ke2 Re5 41. Ra7+ Ke6 42. Rxh7 g5 43. Rh6+ Kf5 44. Rh8 Kf4 45. Rf8+ Rf5 46. Re8
g4 47. Rg8 Rf7 48. Rg6 Ra7 49. Rf6+ Kg3 50. Kxe3 Ra3+ 51. Ke4 Rxa2 52. Rb6 Rb2
53. Kd3 b4 54. Ke3 b3 55. Kd3 Rf2 56. Ke4 b2 0-1

[Event "4NCL/Div1/BGR2 vs. MMO"]
[Site "Birmingham ENG"]
[Date "2001.09.23"]
[Round "2.5"]
[White "Richardson, John R"]
[Black "Williams, Simon K"]
[Result "1/2-1/2"]
[WhiteElo "2330"]
[BlackElo "2369"]
[PlyCount "42"]
[EventDate "2001.09.23"]
[SourceDate "2001.01.01"]

1. d4 e6 2. c4 b6 3. Nc3 Bb7 4. Nf3 Bb4 5. Bg5 f6 6. Bh4 Ne7 7. e3 Bxc3+ 8.
bxc3 d6 9. c5 bxc5 10. Bc4 d5 11. Bb5+ c6 12. Bd3 c4 13. Bc2 Nf5 14. Rb1 Bc8
15. Bg3 Nd7 16. Ba4 Nxg3 17. hxg3 Qc7 18. Nh4 Nf8 19. Qh5+ g6 20. Qh6 Rg8 21.
Qf4 Qxf4 1/2-1/2

[Event "4NCL/Div1/BGR2 vs. MMO"]
[Site "Birmingham ENG"]
[Date "2001.09.23"]
[Round "2.6"]
[White "Ledger, David J"]
[Black "Alfred, Nathan S.W"]
[Result "1-0"]
[WhiteElo "2312"]
[BlackElo "2205"]
[PlyCount "109"]
[EventDate "2001.09.23"]
[SourceDate "2001.01.01"]

1. e4 c5 2. Nc3 e6 3. g3 Nc6 4. d3 g6 5. Bg2 Bg7 6. Be3 d6 7. Qd2 Qa5 8. f4
Nge7 9. Nf3 d5 10. exd5 exd5 11. Bf2 O-O 12. O-O c4 13. d4 Nf5 14. g4 Nd6 15.
Ne5 Nb5 16. Bxd5 Nxe5 17. fxe5 Nxc3 18. Bxc4 Bxg4 19. Qxc3 Qxc3 20. bxc3 Rac8
21. Bb3 Rxc3 22. Be1 Rc7 23. Bb4 Rd8 24. Bd6 Rxd6 25. exd6 Bxd4+ 26. Kg2 Rc3
27. Rad1 Bxd1 28. Rxd1 Bf6 29. d7 Kg7 30. d8=Q Bxd8 31. Rxd8 Rc7 32. Kf2 Re7
33. a4 b6 34. Bd5 Kf6 35. Rf8 h5 36. h4 Rc7 37. c4 Kg7 38. Rb8 Kf6 39. Kf3 Ke5
40. Re8+ Kd4 41. Rf8 Re7 42. Rxf7 Re3+ 43. Kf4 Rh3 44. Kg5 Rg3+ 45. Kh6 Rg4 46.
Rxa7 Rxh4 47. Kxg6 Rh2 48. Rc7 h4 49. Rc6 Rb2 50. Kg5 h3 51. Kg4 h2 52. Kg3 Kc3
53. Rh6 Rb4 54. Kxh2 Kb3 55. Rxb6 1-0

[Event "4NCL/Div1/BGR2 vs. MMO"]
[Site "Birmingham ENG"]
[Date "2001.09.23"]
[Round "2.7"]
[White "Lyell, Mark"]
[Black "Pert, Richard G"]
[Result "0-1"]
[WhiteElo "2219"]
[BlackElo "2245"]
[PlyCount "118"]
[EventDate "2001.09.23"]
[SourceDate "2001.01.01"]

1. e4 c5 2. c3 d5 3. exd5 Qxd5 4. d4 Nf6 5. Nf3 Bg4 6. Be2 e6 7. O-O Nc6 8. h3
Bh5 9. Be3 cxd4 10. cxd4 Be7 11. Nc3 Qd6 12. a3 O-O 13. Qb3 Rfd8 14. Rad1 Nd5
15. Nxd5 Qxd5 16. Qxd5 Rxd5 17. g4 Bg6 18. Ne5 Nxe5 19. dxe5 Rxe5 20. Rd7 Bg5
21. Bxg5 Rxe2 22. Rxb7 Be4 23. Rd7 Rxb2 24. Rc1 Rb7 25. Rxb7 Bxb7 26. Rc7 Bf3
27. Be3 a6 28. Ra7 Rxa7 29. Bxa7 h5 30. gxh5 Bxh5 31. Kg2 Kh7 32. Kg3 Kg6 33.
Bc5 Kf5 34. f4 g5 35. fxg5 Kxg5 36. Be7+ Kf5 37. a4 Ke5 38. Bd8 f5 39. a5 Bd1
40. Kh4 Kf4 41. Bc7+ e5 42. Bd6 Be2 43. Bc7 Bf1 44. Bb8 Bg2 45. Bc7 Bf3 46. Bb8
Bd1 47. Bc7 Bc2 48. Bb8 Ke4 49. Kg5 f4 50. h4 f3 51. Ba7 Kd3 52. h5 Ke2 53. h6
Bh7 54. Kf6 e4 55. Kg7 e3 56. Kxh7 f2 57. Kg8 f1=Q 58. h7 Qg2+ 59. Kf7 Qf3+ 0-1

[Event "4NCL/Div1/BGR2 vs. MMO"]
[Site "Birmingham ENG"]
[Date "2001.09.23"]
[Round "2.8"]
[White "Tidman, Sophie"]
[Black "Richards, Heather S"]
[Result "0-1"]
[WhiteElo "1928"]
[BlackElo "2230"]
[PlyCount "102"]
[EventDate "2001.09.23"]
[SourceDate "2001.01.01"]

1. e4 e6 2. Nf3 d5 3. e5 c5 4. b4 cxb4 5. a3 Nc6 6. axb4 Bxb4 7. c3 Be7 8. d4
Bd7 9. Bd3 a6 10. Qe2 Na5 11. Qc2 h6 12. h4 Bb5 13. Bh7 Qc7 14. Na3 Bxa3 15.
Bxa3 Rxh7 16. Bb4 Qc4 17. Rxa5 Ne7 18. Qd1 Nc6 19. Nd2 Qd3 20. Rh3 Nxb4 21.
cxb4 Qxd4 22. Qc2 Rh8 23. Qc7 Qxb4 24. Rb3 Qe7 25. Qb6 Rc8 26. Nf3 Qc5 27. Qxc5
Rxc5 28. Nd4 Kd7 29. Nxb5 Rxb5 30. Rbxb5 axb5 31. Rxb5 Kc6 32. Rb3 b5 33. Kd2
h5 34. Rg3 g6 35. Rf3 Rf8 36. Kc3 Kc5 37. Rd3 Ra8 38. Kb2 d4 39. Rf3 Ra7 40.
Rb3 Kc4 41. g3 d3 42. Rc3+ Kd4 43. Rb3 Rb7 44. Rb4+ Kc5 45. Kc3 d2 46. Rb1 Rd7
47. Rd1 b4+ 48. Kb3 Rd3+ 49. Kc2 Kc4 50. f4 b3+ 51. Kb2 Kd4 0-1

[Event "4NCL/Div1/BAR1 vs. SLO1"]
[Site "Birmingham ENG"]
[Date "2001.09.23"]
[Round "2.2"]
[White "McNab, Colin A"]
[Black "Kelly, Brian"]
[Result "1/2-1/2"]
[WhiteElo "2437"]
[BlackElo "2458"]
[PlyCount "77"]
[EventDate "2001.09.23"]
[SourceDate "2001.01.01"]

1. c4 e6 2. Nf3 Nf6 3. g3 b6 4. Bg2 Bb7 5. O-O c5 6. d3 Be7 7. e4 d6 8. Nc3 O-O
9. b3 Nbd7 10. Bb2 a6 11. Qe2 Re8 12. Ne1 Qc7 13. f4 Bf8 14. g4 h6 15. g5 hxg5
16. fxg5 Nh7 17. Nf3 g6 18. Rae1 Bg7 19. Nd1 e5 20. Ne3 Ndf8 21. Nd5 Qd8 22.
Qf2 Ra7 23. Bc1 Bc6 24. h4 Ne6 25. Qg3 b5 26. Bh3 bxc4 27. bxc4 Rb7 28. Re2 Nd4
29. Ref2 Bxd5 30. cxd5 Ree7 31. h5 gxh5 32. g6 Nf8 33. Nxd4 cxd4 34. gxf7+ Rxf7
35. Rxf7 Rxf7 36. Rxf7 Kxf7 37. Qf3+ Kg8 38. Qxh5 Qc7 39. Qd1 1/2-1/2

[Event "4NCL/Div1/BAR1 vs. SLO1"]
[Site "Birmingham ENG"]
[Date "2001.09.23"]
[Round "2.3"]
[White "Crouch, Colin S"]
[Black "Houska, Jovanka"]
[Result "0-1"]
[WhiteElo "2407"]
[BlackElo "2354"]
[PlyCount "64"]
[EventDate "2001.09.23"]
[SourceDate "2001.01.01"]

1. d4 d5 2. Nf3 c6 3. Bf4 Nf6 4. e3 Bf5 5. c4 e6 6. Nc3 h6 7. Qb3 Qc8 8. Rc1
Be7 9. Ne5 Nbd7 10. Be2 Nxe5 11. Bxe5 O-O 12. cxd5 Nxd5 13. O-O Nxc3 14. Qxc3
a5 15. a3 Rd8 16. Bf3 Bg6 17. Rfe1 Bd6 18. Bxd6 Rxd6 19. b4 axb4 20. axb4 Rd8
21. h3 Qd7 22. Qb3 Ra6 23. Rc5 Rda8 24. b5 Ra1 25. Rxa1 Rxa1+ 26. Kh2 Rb1 27.
Qa3 Rxb5 28. Qa8+ Kh7 29. Rxb5 cxb5 30. Bxb7 b4 31. Bf3 Qc7+ 32. g3 b3 0-1

[Event "4NCL/Div1/BAR1 vs. SLO1"]
[Site "Birmingham ENG"]
[Date "2001.09.23"]
[Round "2.4"]
[White "Thiruchelvam, Murugan"]
[Black "Collinson, Adam"]
[Result "1/2-1/2"]
[WhiteElo "2240"]
[BlackElo "2405"]
[PlyCount "89"]
[EventDate "2001.09.23"]
[SourceDate "2001.01.01"]

1. e4 c5 2. Nf3 d6 3. Bc4 Nf6 4. d3 Nc6 5. O-O e6 6. Bb3 Be7 7. c3 O-O 8. Re1
b6 9. Nbd2 Ba6 10. Nf1 Ne5 11. Bc2 Nxf3+ 12. Qxf3 Rc8 13. Ng3 Nd7 14. Qd1 Re8
15. Bf4 Ne5 16. d4 Ng6 17. Be3 cxd4 18. cxd4 Bg5 19. Ba4 b5 20. Qd3 Bxe3 21.
fxe3 Qb6 22. Bb3 b4 23. Qd2 Rc7 24. Rac1 Rec8 25. Rxc7 Rxc7 26. Rc1 Rxc1+ 27.
Qxc1 Bb7 28. Kh1 a5 29. Qc2 Qc6 30. Qxc6 Bxc6 31. Kg1 Ne7 32. Kf2 Kf8 33. Bc4
Nc8 34. Ke2 Nb6 35. b3 Ke7 36. Bd3 g6 37. Nf1 e5 38. Nd2 Bd7 39. Nc4 Nxc4 40.
Bxc4 f6 41. Kd3 Kd8 42. Bg8 Bb5+ 43. Bc4 Bc6 44. Bg8 Bb5+ 45. Bc4 1/2-1/2

[Event "4NCL/Div1/BAR1 vs. SLO1"]
[Site "Birmingham ENG"]
[Date "2001.09.23"]
[Round "2.5"]
[White "Palliser, Richard"]
[Black "Houska, Miroslav"]
[Result "1/2-1/2"]
[WhiteElo "2337"]
[BlackElo "2284"]
[PlyCount "98"]
[EventDate "2001.09.23"]
[SourceDate "2001.01.01"]

1. d4 Nf6 2. Nf3 e6 3. e3 c5 4. Bd3 d5 5. b3 Be7 6. Bb2 O-O 7. O-O Nbd7 8. Nbd2
b6 9. Ne5 Bb7 10. Qf3 a6 11. Rad1 Qc7 12. Qh3 g6 13. Ndf3 Nxe5 14. dxe5 Nd7 15.
c4 b5 16. cxd5 Bxd5 17. e4 Bb7 18. Qg3 c4 19. Bb1 Rfd8 20. Rc1 Rac8 21. h4 Qa5
22. Nd4 Ba3 23. Bxa3 Qxa3 24. h5 Qb2 25. Rcd1 Nf8 26. Qe3 cxb3 27. axb3 gxh5
28. Qg5+ Ng6 29. Rd2 Qc3 30. Rfd1 Qc7 31. f4 Qe7 32. Qxe7 Nxe7 33. Kf2 Ng6 34.
Kg3 Rd7 35. Rd3 Rdc7 36. Nf3 Bc6 37. f5 exf5 38. exf5 Ne7 39. Rd8+ Be8 40. Rxc8
Rxc8 41. Kf4 a5 42. Kg5 a4 43. bxa4 bxa4 44. Kf6 Kf8 45. Ba2 Rc6+ 46. Kg5 Rc2
47. Rd2 h6+ 48. Kxh6 Nxf5+ 49. Kxh5 Rc1 1/2-1/2

[Event "4NCL/Div1/BAR1 vs. SLO1"]
[Site "Birmingham ENG"]
[Date "2001.09.23"]
[Round "2.7"]
[White "Knott, Simon"]
[Black "Richmond, Robert J"]
[Result "1-0"]
[WhiteElo "2373"]
[BlackElo "2234"]
[PlyCount "93"]
[EventDate "2001.09.23"]
[SourceDate "2001.01.01"]

1. c4 f5 2. d4 Nf6 3. g3 g6 4. Bg2 Bg7 5. Nh3 d6 6. d5 Nbd7 7. Nf4 Ne5 8. h4 c6
9. Nc3 Qb6 10. Qb3 Bd7 11. Be3 Qa6 12. c5 Nfg4 13. cxd6 Nxe3 14. fxe3 Qb6 15.
dxc6 bxc6 16. Ne6 Qxb3 17. Nxg7+ Kf7 18. axb3 exd6 19. Nxf5 gxf5 20. e4 Rhg8
21. exf5 Rxg3 22. Bh3 d5 23. Kf2 Rgg8 24. Rhg1 Rxg1 25. Kxg1 Kf6 26. Ra6 Bc8
27. Ra4 Bd7 28. e4 Rg8+ 29. Kf2 Nd3+ 30. Kf3 Ne5+ 31. Ke2 Rg3 32. Bf1 Ng4 33.
Rxa7 d4 34. Rxd7 dxc3 35. bxc3 Rxc3 36. Kd2 Rxb3 37. Bd3 Ne5 38. Rd6+ Kf7 39.
Be2 Nf3+ 40. Bxf3 Rxf3 41. Rxc6 Rf4 42. Ke3 Rxh4 43. Kd4 Rh1 44. Ke5 h5 45.
Rc7+ Kf8 46. Kf6 Ke8 47. e5 1-0

[Event "4NCL/Div1/BAR1 vs. SLO1"]
[Site "Birmingham ENG"]
[Date "2001.09.23"]
[Round "2.8"]
[White "Smith, Andrew P"]
[Black "Lauterbach, Ingrid"]
[Result "1-0"]
[WhiteElo "2234"]
[BlackElo "2138"]
[PlyCount "79"]
[EventDate "2001.09.23"]
[SourceDate "2001.01.01"]

1. d4 d6 2. e4 Nf6 3. Nc3 g6 4. Be3 c6 5. Qd2 b5 6. f3 Nbd7 7. g4 h5 8. g5 Nh7
9. f4 Nb6 10. Nf3 e6 11. d5 b4 12. Qd4 Rg8 13. Qxb4 c5 14. Qb5+ Bd7 15. Qe2 Bg7
16. e5 dxe5 17. fxe5 exd5 18. Bxc5 Nxg5 19. O-O-O Nxf3 20. Qxf3 Rc8 21. Bd6
Qg5+ 22. Kb1 Qg4 23. Be2 Qxf3 24. Bxf3 Bf5 25. Rhe1 Bh6 26. Re2 Bg5 27. Nxd5
Nxd5 28. Rxd5 Rc4 29. Rb5 Kd7 30. Rb7+ Ke6 31. Rg2 Rgc8 32. Rxg5 Bxc2+ 33. Ka1
Be4 34. Re7+ Kd5 35. Bxe4+ Kxe4 36. a3 Rc2 37. Rxf7 Rxh2 38. e6 Rc1+ 39. Ka2
Rhh1 40. e7 1-0

[Event "4NCL/Div1/WGR1 vs. WGR2"]
[Site "Birmingham ENG"]
[Date "2001.09.23"]
[Round "2.2"]
[White "Levitt, Jonathan P"]
[Black "Baburin, Alexander"]
[Result "1/2-1/2"]
[WhiteElo "2415"]
[BlackElo "2584"]
[PlyCount "79"]
[EventDate "2001.09.23"]
[SourceDate "2001.01.01"]

1. d4 d5 2. c4 dxc4 3. Nf3 c6 4. e3 Be6 5. a4 Nf6 6. Nc3 c5 7. Ng5 Bg4 8. f3
Bh5 9. d5 h6 10. Nh3 g5 11. Bxc4 Nbd7 12. e4 a6 13. Be3 Bg7 14. Nf2 Ne5 15. Be2
Nfd7 16. h4 e6 17. hxg5 hxg5 18. Qd2 g4 19. f4 g3 20. dxe6 gxf2+ 21. Kxf2 Nf6
22. fxe5 Ng4+ 23. Bxg4 Bxg4 24. Qxd8+ Rxd8 25. Rxh8+ Bxh8 26. e7 Rd3 27. Bf4
Kxe7 28. Rh1 Bg7 29. Nd5+ Kf8 30. Rc1 Rb3 31. Rxc5 Rxb2+ 32. Kg3 Be6 33. a5 Ke8
34. Nc7+ Kd7 35. Nxe6 fxe6 36. Rc4 Rb5 37. Rd4+ Ke7 38. Bg5+ Kf7 39. Rd7+ Kg6
40. Bf4 1/2-1/2

[Event "4NCL/Div1/WGR1 vs. WGR2"]
[Site "Birmingham ENG"]
[Date "2001.09.23"]
[Round "2.3"]
[White "Emms, John M"]
[Black "Pein, Malcolm"]
[Result "1-0"]
[WhiteElo "2532"]
[BlackElo "2424"]
[PlyCount "49"]
[EventDate "2001.09.23"]
[SourceDate "2001.01.01"]

1. e4 d6 2. d4 Nf6 3. Nc3 g6 4. Be3 Bg7 5. Qd2 a6 6. Bh6 O-O 7. O-O-O b5 8. f3
Nc6 9. h4 e5 10. d5 Ne7 11. Nge2 Bxh6 12. Qxh6 Kh8 13. Qd2 h5 14. g4 Kg7 15. g5
Nd7 16. f4 exf4 17. Nxf4 Ne5 18. Nd3 Bg4 19. Be2 Nc4 20. Qf4 b4 21. Nxb4 Bxe2
22. Nxe2 Nxb2 23. Qf6+ Kg8 24. Qxb2 Rb8 25. Qc3 1-0

[Event "4NCL/Div1/WGR1 vs. WGR2"]
[Site "Birmingham ENG"]
[Date "2001.09.23"]
[Round "2.4"]
[White "Law, Andrew P"]
[Black "Turner, Matthew J"]
[Result "1/2-1/2"]
[WhiteElo "2286"]
[BlackElo "2511"]
[PlyCount "57"]
[EventDate "2001.09.23"]
[SourceDate "2001.01.01"]

1. Nf3 Nf6 2. c4 c6 3. d4 d5 4. cxd5 cxd5 5. Nc3 Nc6 6. Bf4 e6 7. e3 a6 8. Bd3
Bd6 9. Bxd6 Qxd6 10. O-O O-O 11. Rc1 Bd7 12. a3 Rac8 13. b4 e5 14. b5 axb5 15.
Nxb5 Qb8 16. dxe5 Nxe5 17. Nxe5 Bxb5 18. Bxb5 Rxc1 19. Qxc1 Qxe5 20. h3 Ne4 21.
Qc2 Qc3 22. Bd3 Qxc2 23. Bxc2 Nc3 24. Ra1 f5 25. Kf1 f4 26. Ke1 fxe3 27. fxe3
Re8 28. Kd2 Ne4+ 29. Bxe4 1/2-1/2

[Event "4NCL/Div1/WGR1 vs. WGR2"]
[Site "Birmingham ENG"]
[Date "2001.09.23"]
[Round "2.5"]
[White "Ward, Christopher"]
[Black "Sowray, Peter J"]
[Result "1-0"]
[WhiteElo "2493"]
[BlackElo "2334"]
[PlyCount "113"]
[EventDate "2001.09.23"]
[SourceDate "2001.01.01"]

1. c4 Nf6 2. Nc3 c5 3. Nf3 d5 4. cxd5 Nxd5 5. d4 Nxc3 6. bxc3 g6 7. Bg5 Bg7 8.
e3 O-O 9. Be2 Nc6 10. O-O Bf5 11. Qb3 Qc7 12. Qa3 b6 13. dxc5 e5 14. Rfd1 h6
15. Bh4 Rfe8 16. cxb6 axb6 17. Qd6 Qb7 18. Bb5 Rec8 19. Bf6 Bf8 20. Qd5 Be6 21.
Qe4 Bf5 22. Qh4 Bg7 23. Bxg7 Kxg7 24. Rd6 Be6 25. Qe4 Bf5 26. Bxc6 Bxe4 27.
Bxb7 Bxb7 28. Nxe5 Rxc3 29. Rd7 Be4 30. f3 Kf6 31. Rxf7+ Kxe5 32. Re7+ Kd5 33.
Rxe4 Rc2 34. a4 Rc4 35. Rxc4 Kxc4 36. Rb1 Kc5 37. Rb5+ Kc6 38. Rb4 Rd8 39. Kf2
Rd2+ 40. Kg3 Ra2 41. h4 h5 42. e4 Kc5 43. Rb5+ Kc6 44. Rg5 Rxa4 45. Rxg6+ Kc5
46. Rg5+ Kc4 47. e5 b5 48. e6 b4 49. Re5 Ra8 50. f4 b3 51. Re1 b2 52. Rb1 Ra3+
53. Kh2 Re3 54. Rxb2 Rxe6 55. Rd2 Re1 56. Rd8 Kc5 57. Rh8 1-0

[Event "4NCL/Div1/WGR1 vs. WGR2"]
[Site "Birmingham ENG"]
[Date "2001.09.23"]
[Round "2.6"]
[White "Tan, Desmond"]
[Black "Hunt, Harriet"]
[Result "1-0"]
[WhiteElo "2253"]
[BlackElo "2418"]
[PlyCount "75"]
[EventDate "2001.09.23"]
[SourceDate "2001.01.01"]

1. e4 c5 2. Nc3 Nc6 3. Bb5 Nd4 4. Bc4 e6 5. Nf3 Nf6 6. O-O b5 7. Nxb5 Nxb5 8.
Bxb5 Nxe4 9. Re1 Nd6 10. Ba4 Be7 11. d4 cxd4 12. Nxd4 O-O 13. c3 Qb6 14. Bc2
Bb7 15. a4 a5 16. Rb1 Bd5 17. b3 Bf6 18. Be3 Qb7 19. f3 e5 20. Ne2 Qc6 21. c4
Be6 22. Ng3 Rad8 23. Qd2 Nb7 24. Nh5 Bh4 25. Red1 d5 26. Bg5 Qc5+ 27. Kh1 dxc4
28. Bxd8 Rxd8 29. Qe2 Nd6 30. Ng3 f5 31. bxc4 Bxc4 32. Bb3 Bxb3 33. Rxb3 Bxg3
34. hxg3 e4 35. Rb5 Qc7 36. Rbd5 Nf7 37. Rxd8+ Nxd8 38. fxe4 1-0

[Event "4NCL/Div1/WGR1 vs. WGR2"]
[Site "Birmingham ENG"]
[Date "2001.09.23"]
[Round "2.7"]
[White "Martin, Andrew D"]
[Black "Norris, Alan"]
[Result "1/2-1/2"]
[WhiteElo "2449"]
[BlackElo "2304"]
[PlyCount "63"]
[EventDate "2001.09.23"]
[SourceDate "2001.01.01"]

1. d4 Nf6 2. c4 e6 3. Nf3 d5 4. Nc3 c6 5. Bg5 dxc4 6. e4 b5 7. e5 h6 8. Bh4 g5
9. exf6 gxh4 10. Ne5 Qxf6 11. Be2 Nd7 12. Nxc6 Bb7 13. Bf3 Bg7 14. Nxb5 O-O 15.
O-O h3 16. g3 Rfd8 17. Qe2 Nb6 18. Be4 Bxc6 19. Bxc6 {(=)} Rac8 20. Be4 a6 21.
Nc3 Rxd4 22. Rad1 Rcd8 23. Rxd4 Rxd4 24. Rd1 Qd8 25. Rxd4 Qxd4 26. Qd1 Qxd1+
27. Nxd1 f5 28. Bf3 Bd4 29. Be2 {(=)} a5 30. Bf1 Kf7 31. Bxh3 Na4 32. Bf1
1/2-1/2